Every Chip Ganassi Racing IndyCar and CART Driver - Statistics

General Stats
  • This quiz has been taken 23 times
  • The average score is 19 of 40
Answer Stats
# of races Nationality Driver % Correct
93 Spain Alex Palou
100%
405 New Zealand Scott Dixon
100%
41 Colombia Juan Pablo Montoya
87%
16 USA Michael Andretti
87%
84 UK Dario Franchitti
80%
31 Sweden Felix Rosenqvist
80%
43 Cayman Islands Kyffin Simpson
80%
72 Brazil Tony Kanaan
80%
48 UK Dan Wheldon
73%
64 Sweden Marcus Ericsson
73%
17 UAE Ed Jones
67%
111 USA Jimmy Vasser
67%
51 Italy Alex Zanardi
60%
117 USA Charlie Kimball
60%
29 New Zealand Marcus Armstrong
60%
16 South Africa Tomas Scheckter
60%
49 USA Eddie Cheever
53%
32 USA Graham Rahal
53%
33 Australia Ryan Briscoe
53%
5 Japan Takuma Sato
53%
41 Brazil Bruno Junqueira
47%
17 Sweden Linus Lundqvist
47%
19 Netherlands Arie Luyendyk
40%
20 Sweden Kenny Brack
40%
33 UK Max Chilton
40%
24 UK Darren Manning
33%
15 USA Jeff Ward
27%
29 USA Jimmie Johnson
27%
7 France Nicolas Minassian
27%
7 USA Robby Gordon
27%
1 USA Tony Stewart
27%
16 Brazil Mauricio Gugelmin
20%
5 Colombia Sebastian Saavedra
20%
1 Canada Alex Tagliani
13%
17 USA Bryan Herta
13%
12 USA Sage Karam
13%
4 USA Jaques Lazier
7%
14 Mexico Memo Gidley
7%
1 Belgium Didier Theys
0%
3 Italy Giorgio Pantano
0%
No matching quizzes found
Score Distribution
Percent of People with Each Score
Percentile by Number Answered
Your Score History
You have not taken this quiz